000
00291nam a2200121 4500
082
_a
338.954PAI
100
_a
PAI R.M.
245
_a
A DECADE OF PLANNING IN INDIA
260
_a
BOMBAY POPULAR PRAKASHAN
_b
RAO NARAYAN
_c
1969
300
_a
V,244P
_b
ILL,;25CM
500
_a
Ideology
942
_c
BK
999
_c
13861
_d
13861